000 00557nam a2200205Ia 4500
005 20250508165643.0
008 008 250505s9999 xx 000 0 eng d
037 _aTextual
040 _aFEDL
_beng
_cFEDL
041 _aeng
_2eng
084 _a510, BOS
_qFEDL
100 _aBostock L. and others
_9781509
245 0 _aST(P) Mathematics 3B
250 _a2
260 _aCheltenham, UK
_bStanley Thornes Publishers Limited
_c1992
300 _aviii,387p.
365 _aGBP
_b8.5
942 _cTEXL
_h510, BOS
999 _c1396515
_d1396515